000 00463nam a2200181Ia 4500
008 230711s9999||||xx |||||||||||||| ||und||
020 _a978-81-322-0425-1
041 _aENG
082 _a541
_bCA-A
100 _aCarey,Francis A
245 0 _aAdvanced organic Chemistry part A
_bStructure and mechanisms
250 _a5th Ed.
260 _c2016
_aNew Delhi
_bSpringer
300 _a1199p.
650 _aChemistry
700 _aSundberg,Richard J
942 _cBK
999 _c5749
_d5749